000 00298nam a2200121Ia 4500
008 190216s9999||||xx |||||||||||||| ||und||
100 _aAnton Howard
245 0 _aCalculus With Anlytic Geometry
260 _bJohn Wiley & Sons
_c1988
300 _ai-8
650 _aMathematics
942 _cBK
999 _c30951
_d30951